BSOP header

天國的憲章:耶穌登山寶訓的精義 Tian guo de xian zhang : Yesu deng shan bao xun de jing yi = The Constitution of the heavenly kingdom : the true meaning of Jesus' Sermon on the mount {ch} / (Record no. 39860)

MARC details
000 -LEADER
fixed length control field 00939nam a22001817a 4500
005 - DATE AND TIME OF LATEST TRANSACTION
control field 20190524135116.0
008 - FIXED-LENGTH DATA ELEMENTS--GENERAL INFORMATION
fixed length control field 160517b ch ||||| |||| 00| 0 chi d
020 ## - INTERNATIONAL STANDARD BOOK NUMBER
International Standard Book Number 9781553362166
020 ## - INTERNATIONAL STANDARD BOOK NUMBER
International Standard Book Number 1553362160
100 ## - MAIN ENTRY--PERSONAL NAME
9 (RLIN) 251
Personal name 江昭揚 Chiang, Chao Young (Solomon)
245 ## - TITLE STATEMENT
Title 天國的憲章:耶穌登山寶訓的精義 Tian guo de xian zhang : Yesu deng shan bao xun de jing yi = The Constitution of the heavenly kingdom : the true meaning of Jesus' Sermon on the mount {ch} /
Statement of responsibility, etc 江昭揚 Chiang, Chao Young (Solomon)
260 ## - PUBLICATION, DISTRIBUTION, ETC. (IMPRINT)
Place of publication, distribution, etc Scarborough, Ontario :
Name of publisher, distributor, etc 加拿大恩福協會,
Date of publication, distribution, etc 2013.
300 ## - PHYSICAL DESCRIPTION
Extent 265 p. ;
Dimensions 21 cm.
520 ## - SUMMARY, ETC.
Summary, etc 這是本「研經書」,深入淺出的將耶穌登山寶訓的精髓分解得清晰精湛;<br/>這也是本「靈修書」,讓人在紛亂嚷鬧的社會中得著一股清流。
650 ## - SUBJECT ADDED ENTRY--TOPICAL TERM
Topical term or geographic name as entry element Sermon on the mount
General subdivision Commentaries {ch}.
700 ## - ADDED ENTRY--PERSONAL NAME
Personal name 江昭揚 Zhaoyang Jiang
942 ## - ADDED ENTRY ELEMENTS (KOHA)
Source of classification or shelving scheme Library of Congress Classification
Item type Books
Koha issues (borrowed), all copies 2
Holdings
Withdrawn status Lost status Source of classification or shelving scheme Damaged status Not for loan Home library Current library Shelving location Date acquired Source of acquisition Inventory number Total Checkouts Full call number Barcode Date last seen Date last borrowed Price effective from Koha item type
    Library of Congress Classification     BSOP Library BSOP Library Chinese Books (General Circulation) 05/17/2016   C-14678 2 BT380.3 J56 2013 00047078 07/17/2019 05/24/2019 05/17/2016 Books
BSOP

Biblical Seminary of the Philippines
  All rights Reserved
  © 2024

CONTACT INFORMATION

Biblical Seminary of the Philippines,
  77-B Karuhatan Road, Valenzuela City,
  PHILIPPINES 1441
  Phone: +632 8292-6795 / 8292-6798
  Fax : +632 8292-6675
  Email: library@bsop.edu.ph